000 00345nam a2200145Ia 4500
005 20251222153609.0
008 251222s9999||||xx |||||||||||||| ||spa||
020 _a9786124635007
082 _a985/V32
100 _aVargas Tejada, Juan
245 0 _aHuayabamba:
250 _a1ra. ed.
264 _bEditorial Grández Ediciones
942 _cLIB
999 _c31517
_d31517